000 00620nam a2200205 i 4500
001 128584
003 ES-MaACL
005 20250719063315.0
007 t|
008 070521s1914 be ||||1| fre d
080 _a891.44-14"19"
100 1 _aTagore, Rabindranath,
_d1861-1941
_9109071
245 1 2 _aL'offrande lyrique (Gitanjali) /
_cRabindranath Tagore ; traduction d'André Gide.
250 _a4ª ed.
260 _a[Bruges :
_bSte. Catherine],
_c1914.
300 _aXXXIV, 148 p. ;
_c19 cm.
700 1 _aGide, André,
_d1869-1951
_956674
852 _aES-MaACL
_jF-8165
999 _c128584
_d128584